Panorama internacional (Registro nro. 13073)

Detalles MARC
000 -LEADER
fixed length control field 00310 a2200109 4500
001 - CONTROL NUMBER
control field ART_7839
005 - DATE AND TIME OF LATEST TRANSACTION
control field 20260410161638.0
008 - FIXED-LENGTH DATA ELEMENTS--GENERAL INFORMATION
fixed length control field 260409a
100 1# - MAIN ENTRY--PERSONAL NAME
Personal name Edelstein, Andrés M.
245 10 - TITLE STATEMENT
Title Panorama internacional
773 0# - HOST ITEM ENTRY
Title Consultor tributario
Related parts - Vol. 2, Nº 14 (abr. 2008)
Record control number REV474

No hay ítems disponibles.